Word Ladder: Circular File Quiz Stats

 Plays Quiz Updated May 23, 2012

Support Sporcle.
Go Orange.
Score 0/20 Timer 02:00
0 Plays Today
Clue 4-Letter Word % Correct
Game show: 'Win, ___ or Draw'LOSE
95.4%
Square root of eighty-oneNINE
93.7%
Sensory organ for smellNOSE
92.7%
Discover after searchingFIND
90.9%
The person who throws a partyHOST
90.3%
SoloLONE
90.3%
Play a part in the choirSING
89.3%
Sound that an owl makesHOOT
88.8%
Trigonometry functionSINE
88.3%
NylonsHOSE
87.5%
Clue 4-Letter Word % Correct
F sharp, e.g.NOTE
86.4%
The graph of y = mx + bLINE
85.2%
Evening, for shortNITE
84.8%
J.J. Abrams hit TV seriesLOST
84%
Surname for one of the Three StoogesFINE
79%
The hard end of a hard cheeseRIND
79%
Rifle through buildings to steal thingsLOOT
72.2%
Shape that the words in this circular ladder form○ RING ○
69.6%
Shape that the words in this circular ladder form○ LOOP ○
51.5%
Shape that the words in this circular ladder form○ HOOP ○
47.9%

Today's Daily Dose

From the Vault

NCAA Tournament Matching (2013)

by 20eight

Sports 5m
For those of you who were wondering, Gonzaga isn't actually a state.
Remove Ads.
Support Sporcle.
Get the best of Sporcle when you Go Orange. This ad-free experience offers more features, more stats, and more fun while also helping to support Sporcle. Thank you for becoming a member.

Show Comments

Extras

Top Quizzes Today


Score Distribution

Your Account Isn't Verified!

In order to create a playlist on Sporcle, you need to verify the email address you used during registration. Go to your Sporcle Settings to finish the process.

Report this User

Report this user for behavior that violates our Community Guidelines.

Details: